000 00716cab a2200241 4500
001 ABS56218
008 090401t1996 xxu||||| |||| 00| 0 eng d
035 _a(Sirsi) u21991
041 _aeng
100 _aKing, L.
245 _aTrusts of land: will drafting implications
260 _c1996
350 _a0
490 _aSolicitors` Journal
_v140(5) 29 November 1996, 1154-1155(2)
520 _aExamines the effect of the Trusts of Land and Appointment of Trustees Act 1996 on will drafting.
650 _aTRUSTS FOR SALE
650 _aTRUSTS OF LAND AND APPOINTMENT OF TRUSTEES ACT 1996
650 _aTRUSTS OF LAND
690 _aLAND
700 _aBramley, S.
942 _n0
948 _c04/03/1997
999 _c14730
_d14730